000 00407nam a22001457a 4500
003 LK-CoDNM
005 20241129094203.0
008 241129b |||||||| |||| 00| 0 eng d
040 _aLK-CoDNM
_dLK-CoDNM
_eLK-CoDNM
041 _asin
080 _a294.3:061
_bSMS
245 _aසමස්ත ලංකා ‍‍බෞද්ධ මහා සම්මේලනය
300 _a20p. ; 22 cm
942 _cBK
999 _c232869
_d232869